Stranger Things Characters - Statistics

General Stats
  • This quiz has been taken 74 times
  • The average score is 15 of 16
Answer Stats
Picture Answer % Correct
Eleven
100%
Mike Wheeler
98%
Will Byers
98%
Dustin Henderson
97%
Lucas Sinclair
97%
Steve Harrington
97%
Jim Hopper
95%
Joyce Byers
95%
Max Mayfield
95%
Nancy Wheeler
95%
Billy Mayfield
94%
Eddie Munson
94%
Erica Sinclair
94%
Robin Buckley
94%
Vecna
92%
Murray Bauman
91%
No matching quizzes found
Score Distribution
Percent of People with Each Score
Percentile by Number Answered
Your Score History
You have not taken this quiz